|
|
|
|
| LEADER |
00000naa2a2200000 4500 |
| 001 |
630973 |
| 005 |
20231101133634.0 |
| 035 |
|
|
|a (RuTPU)RU\TPU\conf\32594
|
| 035 |
|
|
|a RU\TPU\conf\32591
|
| 090 |
|
|
|a 630973
|
| 100 |
|
|
|a 20200319d2019 k y0rusy50 ba
|
| 101 |
0 |
|
|a eng
|
| 102 |
|
|
|a RU
|
| 105 |
|
|
|a y z 100zy
|
| 135 |
|
|
|a drgn ---uucaa
|
| 181 |
|
0 |
|a i
|
| 182 |
|
0 |
|a b
|
| 200 |
1 |
|
|a Adaptive X-ray Optical Elements Based on Longitudinal and Transverse Acoustic Waves in the KHz and MHz Frequency Ranges
|f A. E. Blagov, A. R. Mkrtchyan, V. R. Kocharyan [et al.]
|
| 203 |
|
|
|a Текст
|c электронный
|
| 225 |
1 |
|
|a Applications of Monochromatic X-ray, [gamma]-ray
|
| 230 |
|
|
|a 1 computer file (pdf; 271 Kb)
|
| 300 |
|
|
|a Title screen
|
| 320 |
|
|
|a [References: p. 135 (2 tit.)]
|
| 463 |
|
1 |
|0 (RuTPU)RU\TPU\conf\32527
|t Radiation from Relativistic Electrons in Periodic Structures (RREPS-19)
|o book of abstracts XIII International Symposium, September 15-20, 2019, Belgorod, Russian Federation
|f National Research Tomsk Polytechnic University (TPU) ; Belgorod State University ; National Research Nuclear University "MEPhI"
|v [P. 135]
|d 2019
|
| 610 |
1 |
|
|a электронный ресурс
|
| 610 |
1 |
|
|a труды учёных ТПУ
|
| 610 |
1 |
|
|a оптические элементы
|
| 610 |
1 |
|
|a акустические волны
|
| 610 |
1 |
|
|a рентгеновские излучения
|
| 610 |
1 |
|
|a акустические резонаторы
|
| 610 |
1 |
|
|a продольные колебания
|
| 610 |
1 |
|
|a пьезоприводы
|
| 610 |
1 |
|
|a рентгеновская дифракция
|
| 610 |
1 |
|
|a ультразвуковые колебания
|
| 701 |
|
1 |
|a Blagov
|b A. E.
|
| 701 |
|
1 |
|a Mkrtchyan
|b A. R.
|c physicist
|c Professor of Tomsk Polytechnic University, Doctor of physical and mathematical sciences
|f 1937-
|g Alpik Rafaelovich
|2 stltpush
|3 (RuTPU)RU\TPU\pers\34236
|
| 701 |
|
1 |
|a Kocharyan
|b V. R.
|c physicist
|c assistant of Tomsk Polytechnic University, candidate of physico-mathematical Sciences
|f 1976-
|g Vagan Rashidovich
|2 stltpush
|3 (RuTPU)RU\TPU\pers\34228
|
| 701 |
|
1 |
|a Movsisyan
|b A. E.
|
| 701 |
|
1 |
|a Muradyan
|b T. R.
|
| 701 |
|
1 |
|a Akkuratov
|b V. I.
|
| 701 |
|
1 |
|a Eliovich
|b Ya. A.
|
| 701 |
|
1 |
|a Kulikov
|b A. G.
|
| 701 |
|
1 |
|a Pisarevsky
|b Yu. V.
|
| 701 |
|
1 |
|a Seregin
|b A. M.
|
| 701 |
|
1 |
|a Targonskiy
|b A. V.
|
| 701 |
|
1 |
|a Kovalchuk
|b M. V.
|
| 712 |
0 |
2 |
|a Национальный исследовательский Томский политехнический университет
|b Инженерная школа ядерных технологий
|b Отделение ядерно-топливного цикла
|h 7864
|2 stltpush
|3 (RuTPU)RU\TPU\col\23554
|
| 801 |
|
1 |
|a RU
|b 63413507
|c 20101016
|
| 801 |
|
2 |
|a RU
|b 63413507
|c 20200320
|g RCR
|
| 856 |
4 |
|
|u http://earchive.tpu.ru/handle/11683/58030
|
| 942 |
|
|
|c BK
|